| 000 | 01095nam a2200277 i 4500 | ||
|---|---|---|---|
| 001 | C00059679c | ||
| 005 | 20241029150617.0 | ||
| 008 | 090623s1763 sp 1 spa d | ||
| 110 | 2 |
_aReal Academia Española. _93394 |
|
| 245 | 1 | 0 |
_aOrtografía de la Lengua Castellana / _ccompuesta poa la Real Academia Española. |
| 250 | _aTercera impresion, corregida y aumentada. | ||
| 260 |
_aEn Madrid : _ben la Imprenta de Antonio Perez de Soto, _c1763. |
||
| 300 |
_a[12], XX, 254, [2], [11] h. de lám. ; _c8º (18 cm) |
||
| 500 | _aCCPB000058185-2, REBIUN6550103. | ||
| 500 | _aSign.: ¶-2¶8, A-Q8, [ ]11. | ||
| 500 | _aPort. con grab. calc.: "[ilegible] in. del., Prieto ex." | ||
| 500 | _aLas 11 h. de lám. grab. calc.: "P. Ming. f.", al final del texto, representan modelos de letras. | ||
| 650 |
_aEspañol (Lengua)- _xOrtografía. _989152 |
||
| 700 | 1 |
_aPérez de Soto, Antonio. _938853 |
|
| 700 | 1 |
_aPrieto, Félix. _940805 |
|
| 700 | 1 |
_aMinguet e Irol, Pablo ( _d1733-1778) _940806 |
|
| 752 |
_aEspaña - _dMadrid |
||
| 852 | 4 | _jB-2803 | |
| 999 |
_c56517 _d56517 |
||